madagascar le film - Statistiques

Statistiques générales
  • Ce quiz a été pris 76 fois
  • Le résultat moyen est 6 sur 11
Statistiques - réponses
Par images Réponse % Correct
Gloria
91%
Alex
87%
Marty
78%
Melman
73%
Morty
60%
Rico
45%
Maurice
40%
Roi Julian
40%
Kowalski
34%
Skipper
12%
Private
7%
Aucun quiz correspondant
Distribution des résultats
% des personnes avec chaque résultat
Percentile par nombre de réponses
Votre historique - résultats
Vous n’avez pas pris ce quiz